000 00656nam a22002297a 4500
003 UA-OsUOA
001 45840
007 ta
008 20111206b un ||||| |||| 00| 0 ukr d
090 _a030
_bЕ64
942 _cBK
040 _aUA-OsUOA
_bukr
_cUA-OsUOA
_dUA-OsUOA
245 _aЕнциклопедія Сучасної України
_bТ. 9
_cЕ-Ж
300 _a711 с.
955 _a1
041 _aukr
080 _a030
260 _aК.
_c2009
650 7 _a030 Загальні довідкові праці
_2UDC
999 _c425942
_d425942